Higher Education in India :politics and policies / (Record no. 177082)

MARC details
000 -LEADER
fixed length control field 00601nam a22001937a 4500
005 - DATE AND TIME OF LATEST TRANSACTION
control field 20210215112230.0
010 ## - LCCN (DPL NO)
LC control number ENG-129011
020 ## - INTERNATIONAL STANDARD BOOK NUMBER
International Standard Book Number 9789353901868
Terms of availability 225.00
035 ## - SYSTEM CONTROL NUMBER
System control number EN-112543
037 ## - SOURCE OF ACQUISITION
Source of stock number/acquisition DBAD/PUB
082 ## - DEWEY DECIMAL CLASSIFICATION NUMBER
Classification number 378.54
245 ## - TITLE STATEMENT
Title Higher Education in India :politics and policies /
Statement of responsibility, etc edited by V. Sivadasan and Abhilash Babu
260 ## - PUBLICATION, DISTRIBUTION, ETC. (IMPRINT)
Place of publication, distribution, etc Kerala
Name of publisher, distributor, etc Current Books
Date of publication, distribution, etc 2019
270 ## - ADDRESS
Address Kottayam
City Kerala
Postal code 686001
300 ## - PHYSICAL DESCRIPTION
Extent 208p.
Other physical details 21cm(pbk)
Dimensions Including Index.
700 ## - ADDED ENTRY--PERSONAL NAME
Personal name Sivadasan,V.(Ed.)
700 ## - ADDED ENTRY--PERSONAL NAME
Personal name Abhilash Babu.(Ed.)
942 ## - ADDED ENTRY ELEMENTS (KOHA)
Source of classification or shelving scheme Dewey Decimal Classification
Item type English Books
Classification part 378.54
Call number suffix HIG
Holdings
Withdrawn status Lost status Not for loan Collection code Home library Current library Date acquired Source of acquisition Cost, normal purchase price Full call number Barcode Copy number Cost, replacement price Koha item type
      Non-fiction Bawana Bawana 08/02/2021 DBAD/PUB 225.00 378.54 HIG EN-112543 1 225.00 English Books

© Delhi Public Library
Hit Counter
free hit counter